000 00341nam a22001217a 4500
082 _a220 PRO
100 _aTALAL,ALI,USAMA,NOOR UL AIN
_971912
245 _aPR-SOF-1387-SMART TRAFFIC PREDICTION AND MONITORING
260 _aISLAMABAD
_bNUST COLLEGE OF EME
_c2014
650 _a DE-COMP-32
700 _aSAJID GUL KHAWAJA
_969989
942 _cCR
999 _c578180
_d578180